| 000 | 00000nam##2200000za#4500 |
| 001 | 9.531685 |
| 003 | CaOODSP |
| 005 | 20200401034631 |
| 007 | ta |
| 008 | 150406|1999||||xxc||||| f|0| 0 fre|d |
| 020 | |a0-662-64105-1 |
| 022 | |a1203-8903 |
| 040 | |aCaOODSP|bfre |
| 041 | |aeng |
| 041 | |afre |
| 043 | |an-cn--- |
| 086 | 1 |aCH3-2/8-1999 |
| 110 | 1 |aCanada. |bPatrimoine canadien. |
| 245 | 10|aLes langues au Canada: Recensement de 1996 / |cpar Louise Marmen et Jean-Pierre Corbeil. |
| 260 | |aOttawa - Ontario : |bPatrimoine canadien |c1999. |
| 300 | |aTexte français, 92p. : |bgraphiques, tableaux ; |c23 cm. |
| 490 | 1 |aNouvelles perspectives canadiennes|x1203-8903 |
| 500 | |aSommaire: Introduction.--La langue anglaise.--La langue française.--Les langues non officielles.--La connaissance des langues officielles.--Facteurs influant sur l'évolution des groupes linguistiques.--Conclusion.--Glossaire.--Qualité des données.--Tableaux en annexe. |
| 546 | |aBilingue |
| 563 | |aCouverture souple |
| 590 | |a99-12|b1999-03-26 |
| 691 | 07|aFrançais|2gcpds |
| 691 | 07|aMinorité linguistique|2gcpds |
| 720 | 1 |aMarmen, Louise |
| 720 | 1 |aCorbeil, Jean-Pierre |
| 776 | 0#|tLanguages in Canada - 1996 Census / |w(CaOODSP)9.571910 |
| 776 | 0#|tLes langues au Canada - Recensement 1996 / |w(CaOODSP)9.602330 |
| 791 | |tLanguages in Canada: 1996 Census / |eeng|w(CaOODSP)9.531684 |
| 830 | #0|aNouvelles perspectives canadiennes,|x1203-8903|w(CaOODSP)9.509087 |